<?xml version="1.0" encoding="UTF-8"?>
<record
    xmlns:xsi="http://www.w3.org/2001/XMLSchema-instance"
    xsi:schemaLocation="http://www.loc.gov/MARC21/slim http://www.loc.gov/standards/marcxml/schema/MARC21slim.xsd"
    xmlns="http://www.loc.gov/MARC21/slim">

  <leader>01656cam a2200325 a 4500</leader>
  <controlfield tag="001">9198044</controlfield>
  <controlfield tag="005">20220326193307.0</controlfield>
  <controlfield tag="008">111207s2011    gt ao         000 0 mul d</controlfield>
  <datafield tag="020" ind1=" " ind2=" ">
    <subfield code="a">9789929810600</subfield>
  </datafield>
  <datafield tag="020" ind1=" " ind2=" ">
    <subfield code="a">9929810609</subfield>
  </datafield>
  <datafield tag="035" ind1=" " ind2=" ">
    <subfield code="a">(OCoLC)ocn769185671</subfield>
  </datafield>
  <datafield tag="035" ind1=" " ind2=" ">
    <subfield code="a">(OCoLC)769185671</subfield>
  </datafield>
  <datafield tag="035" ind1=" " ind2=" ">
    <subfield code="a">(NNC)9198044</subfield>
  </datafield>
  <datafield tag="040" ind1=" " ind2=" ">
    <subfield code="a">BP1</subfield>
    <subfield code="c">BP1</subfield>
  </datafield>
  <datafield tag="041" ind1="0" ind2=" ">
    <subfield code="a">spa</subfield>
    <subfield code="a">eng</subfield>
  </datafield>
  <datafield tag="043" ind1=" " ind2=" ">
    <subfield code="a">ncho---</subfield>
  </datafield>
  <datafield tag="245" ind1="0" ind2="3">
    <subfield code="a">La otra tradici&#xF3;n :</subfield>
    <subfield code="b">un encuentro con el arte contempor&#xE1;neo en Honduras, 2000 - 2010 /</subfield>
    <subfield code="c">[compilador Ad&#xE1;n Vallecillo ; textos, Karenia Cintra, Ram&#xF3;n Caballero,... et al.].</subfield>
  </datafield>
  <datafield tag="246" ind1="3" ind2="0">
    <subfield code="a">Encuentro con el arte contempor&#xE1;neo en Honduras, 2000 - 2010</subfield>
  </datafield>
  <datafield tag="250" ind1=" " ind2=" ">
    <subfield code="a">1a ed.</subfield>
  </datafield>
  <datafield tag="260" ind1=" " ind2=" ">
    <subfield code="a">Ciudad de Guatemala :</subfield>
    <subfield code="b">Consultores de Arte,</subfield>
    <subfield code="c">2011.</subfield>
  </datafield>
  <datafield tag="300" ind1=" " ind2=" ">
    <subfield code="a">253 p. :</subfield>
    <subfield code="b">ill. (some col.) ;</subfield>
    <subfield code="c">26 cm.</subfield>
  </datafield>
  <datafield tag="505" ind1="0" ind2=" ">
    <subfield code="a">Can we speak of a favorable environment for contemporary art in Chile? /Ad&#xE1;n Vallecillo -- Honduras: depths and abysses ... neither good or bad intentions /Karenia Cintra -- Emergencies and revisions / Ram&#xF3;n Caballero -- Transit channels: thenearby places of contemporary art / Ram&#xF3;n Caballero -- Tegucigalpa: the city ofphotogram / Manuel Torres Funes -- Sociological approaches in today's art in Honduras.Craftsmanship and virtues of a renewed critical thinking / Ad&#xE1;n Vallecillo -- Notes for a New Map. Recapitulations on Honduran Contemporary Art / Denisse Rondon.</subfield>
  </datafield>
  <datafield tag="546" ind1=" " ind2=" ">
    <subfield code="a">In Spanish and English.</subfield>
  </datafield>
  <datafield tag="650" ind1=" " ind2="0">
    <subfield code="a">Art, Honduran</subfield>
    <subfield code="y">21st century.</subfield>
    <subfield code="9">1811</subfield>
  </datafield>
  <datafield tag="700" ind1="1" ind2=" ">
    <subfield code="a">Vallecillo, Ad&#xE1;n.</subfield>
    <subfield code="9">1812</subfield>
  </datafield>
  <datafield tag="700" ind1="1" ind2=" ">
    <subfield code="a">Cintra, Karenia.</subfield>
    <subfield code="9">1813</subfield>
  </datafield>
  <datafield tag="700" ind1="1" ind2=" ">
    <subfield code="a">Caballero, Ram&#xF3;n.</subfield>
    <subfield code="9">1814</subfield>
  </datafield>
  <datafield tag="948" ind1="1" ind2=" ">
    <subfield code="a">20120118</subfield>
    <subfield code="b">c</subfield>
    <subfield code="c">rhg9</subfield>
    <subfield code="d">OSMC</subfield>
  </datafield>
  <datafield tag="999" ind1=" " ind2=" ">
    <subfield code="c">381</subfield>
    <subfield code="d">381</subfield>
  </datafield>
  <datafield tag="952" ind1=" " ind2=" ">
    <subfield code="0">0</subfield>
    <subfield code="1">0</subfield>
    <subfield code="2">ddc</subfield>
    <subfield code="4">0</subfield>
    <subfield code="7">0</subfield>
    <subfield code="a">LV</subfield>
    <subfield code="b">LV</subfield>
    <subfield code="c">Pensamiento</subfield>
    <subfield code="d">2014-11-28</subfield>
    <subfield code="l">0</subfield>
    <subfield code="o">709.728.3V181o</subfield>
    <subfield code="p">000514</subfield>
    <subfield code="r">2014-11-28 00:00:00</subfield>
    <subfield code="w">2014-11-28</subfield>
    <subfield code="y">01</subfield>
  </datafield>
</record>
